Signals and systems (Record no. 198300)

MARC details
000 -LEADER
fixed length control field 00414nam a2200169Ia 4500
005 - DATE AND TIME OF LATEST TRANSACTION
control field 20250410093742.0
008 - FIXED-LENGTH DATA ELEMENTS--GENERAL INFORMATION
fixed length control field 231217s9999 xx 000 0 und d
020 ## - INTERNATIONAL STANDARD BOOK NUMBER
International Standard Book Number 9788131732298
082 ## - DEWEY DECIMAL CLASSIFICATION NUMBER
Classification number 621.38143 GAN;44
100 ## - MAIN ENTRY--PERSONAL NAME
Personal name Ganesh Rao, D. Satish, Tunga.
245 #0 - TITLE STATEMENT
Title Signals and systems
250 ## - EDITION STATEMENT
Edition statement 4th ed.
260 ## - PUBLICATION, DISTRIBUTION, ETC. (IMPRINT)
Date of publication, distribution, etc. 2010
Name of publisher, distributor, etc. Pearson
Place of publication, distribution, etc. South Asia
300 ## - PHYSICAL DESCRIPTION
Extent 503
650 ## - SUBJECT ADDED ENTRY--TOPICAL TERM
Topical term or geographic name as entry element Signals
942 ## - ADDED ENTRY ELEMENTS (KOHA)
Koha item type Books
Holdings
Date last seen Total Checkouts Total Renewals Full call number Accession number Old discount Date checked out Price effective from Category Lost status Damaged status Department Withdrawn status Permanent Location Current Location Shelving location Entry date Grants Currency symbol Conversion rate Discount Discount type
19/09/2025 2 2 621.38143 GAN;44 91787   11/08/2025 26/01/2024 Books     Central Library   Central Library Central Library Central Library 05/12/2017 DONATED RS 1   Rupees

© For any Suggestions or Query, please contact the library staff @ librarian@pes.edu or Phone: +9180 2672 1983/ 2108.